Nghiên cứu, đề xuất giải pháp nhằm nâng cao hiệu quả công tác thu gom vận chuyển chất thải rắn từ chợ trên địa bàn huyện Đức Hòa, tỉnh Long An : Luận văn Thạc sĩ - Chuyên ngành : Quản lý Tài nguyên và Môi trường

Wedi'i Gadw mewn:
Manylion Llyfryddiaeth
Prif Awdur: Huỳnh, Thị Hồng Xuân
Fformat: Luận văn
Iaith:Undetermined
Cyhoeddwyd: Trường Đại học Công Nghiệp Tp. Hồ Chí Minh 2019
Pynciau:
Tagiau: Ychwanegu Tag
Dim Tagiau, Byddwch y cyntaf i dagio'r cofnod hwn!
Thư viện lưu trữ: Trung tâm Thư viện - Trường Đại học Công nghiệp TP. Hồ Chí Minh
LEADER 00874nam a2200157Ia 4500
001 UIH_01465
008 230809s9999 xx 000 0 und d
082 |a 628.4 
100 |a Huỳnh, Thị Hồng Xuân 
245 0 |a Nghiên cứu, đề xuất giải pháp nhằm nâng cao hiệu quả công tác thu gom vận chuyển chất thải rắn từ chợ trên địa bàn huyện Đức Hòa, tỉnh Long An : Luận văn Thạc sĩ - Chuyên ngành : Quản lý Tài nguyên và Môi trường 
245 0 |c Huỳnh, Thị Hồng Xuân 
260 |b Trường Đại học Công Nghiệp Tp. Hồ Chí Minh 
260 |c 2019 
650 |a Quản lý môi trường;Chất thải rắn 
927 |a Luận văn 
980 |a Trung tâm Thư viện - Trường Đại học Công nghiệp TP. Hồ Chí Minh